000 00337nam a2200109 4500
999 _c13171
_d13171
008 190211b ||||| |||| 00| 0 eng d
245 _aEnvironment group putting up P25-M plastic recycling plant.
260 _aPhilippines
_bThe Philippine Star
_cc2017
300 _apage B8.
650 0 _936851
_aEnvironmental movement.
942 _2ddc
_cPER